000
00306nam a22001337a 4500
020
_a
9966-28-299-8
082
_a
336.26762
100
_a
Saleemi, N. A.
245
_a
Taxation Simplified
250
_a
5th
260
_a
Nairobi:
_b
Saleemi Publications,
_c
2014
300
_a
478p.: ill.; 21cm
942
_c
BK
999
_c
22231
_d
22231